00401pam a2200169 a 4500001000800000005001700008008004100025010001700066020001500083040001800098041000800116080001700124082002100141100000600162101000800168245005500176482008920180125083230.0891229r1990 nyua 001 0 eng  a 89070332  a089577349X aDLCcDLCdDLC aeng a635.965 sel00a635.965 sel220 a9 amje00aHouse plants /ccontributing editor, John Brookes.